Language Quiz

Random Language Quiz

Ends in Go II Quiz Stats

Quiz not verified by Sporcle

Also try: Hands Up
Challenge
Share
Tweet
Embed
Score 0/81 Timer 20:00
0 Plays Today
Clue Word % Correct
Windy CityChicago
84.8%
Danish toy company (bricks)Lego
69.7%
Chile's capital citySantiago
63.6%
Constellation and 6th astrological signVirgo
63.6%
A long time...Ago
63.6%
One of the BeatlesRingo
63.6%
A friend South of the BorderAmigo
60.6%
Saint in the Dominican Republic's capital city nameDomingo
60.6%
From Greek and Latin 'self'Ego
57.6%
Caribbean island part of a countryTobago
57.6%
Wou're welcome in Italian and American brand of tomatoe saucePrego
57.6%
Slang term for pregnantPreggo
51.5%
Giant Ecuadorian tortoiseGalapago
48.5%
To pass through, to experienceUndergo
48.5%
Name of Italian cartographer from whom the New World got its nameAmerigo
48.5%
Movie tickets websiteFandango
45.5%
What foreigners are called in Latin America; particularly AmericansGringo
45.5%
Very slow Tempo and city in FloridaLargo
45.5%
To precede, to go beforeForego
45.5%
Male dog name in the movie 101 DalmatiansPongo
45.5%
Name of the actor who played Aragorn in LOTRViggo
45.5%
Fire in SpanishFuego
43.8%
Jamaican town mentioned in the Beach Boys song 'Kokomo'Montego
42.4%
Animated film about a gecko voiced by Johnny DeppRango
42.4%
Popular American waffle brandEggo
40%
Ice Age's Saber-toothed tiger and a 'saint' city in CaliforniaDiego
39.4%
Type of Lily, Utah's state flowerSego
39.4%
Clue Word % Correct
Jafar's sidekick in AladdinIago
39.4%
Lake in Spanish and town in High Plains DrifterLago
39.4%
Italian type of cheeseAsiago
36.4%
Rocky's rival last name in Rocky IV played by Dolph LundgrenDrago
36.4%
City in Colombia and Costa Rica/Carthage in EnglishCartago
33.3%
American Samoa's capital cityPago Pago
30.3%
City in Galicia, SpainVigo
30.3%
Internet website specialized in discounted hotel roomsTrivago
28.6%
Name of Wolfgang Puck's four exclusive restaurantsSpago
27.3%
Low back pain involving muscles and bonesLumbago
26.7%
Corbucci's and Tarantino's Film main characterDjango
25%
City in Galicia, SpainLugo
25%
Golden Era Mexican actress and Martindale share this nameMargo
24.2%
African river and delta flowing through Angola, Namibia, and BotswanaOkavango
24.2%
Famous doctor played by Omar SharifShivago
21.2%
Footballer and Basketball player Mendes and Splitter first nameTiago
21.2%
To go beyond, to outdoOutgo
21.2%
Name of a Brazilian actor known for '300' and one of Handel's operasRodrigo
21.2%
City in Oregon by a lake with the same nameLake Oswego
21.2%
Cape Verde archipelago's island and fire in PortugueseFogo
20%
City in Guam and home to the Andersen AFBYigo
20%
Second largest city in GuatemalaQuetzaltenango
18.2%
Latin American/Caribbean type of stewMondongo
18.2%
Slang term to refer to someone from Mexico CityChilango
18.2%
Handheld electronic device and largest ball rolling park in the worldOgo
18.2%
Argentine/Brazilian type of dogDogo
15.2%
Roman Catholic Church title/chamberlain in EnglishCamerlengo
15.2%
Clue Word % Correct
Andean stringed instrumentCharango
15.2%
Novel by Kyle Onstott and film by Richard Fleischer about an African slaveMandingo
15.2%
American company specialized in fruit juice and skin care productsXango
15.2%
Grand Ballet piece by Marius Petipa and Ludwig MinkusCamargo
15.2%
Pre-Columbian city in the Valley of Toluca, MexicoTeotenango
15.2%
A nightclub for dancing to popular music, discoAgogo
15.2%
Iroquian Native American peopleMingo
15.2%
Angola's fourth largest cityLubango
15.2%
Famous Spanish fabulistSamaniego
15.2%
Brazilian city named after a German cityNovo Hamburgo
15.2%
Contagious skin disease common among wrestlers and football playersImpetigo
14.3%
Mythological creature of the Great Lakes and Marvel Comics characterWendigo
14.3%
One of the Freud's three parts of the psychic apparatusSuperego
14.3%
Swiss cheese also known as SchabzigerSapsago
14.3%
Strong, brave warlike woman and Yamaha's motorcycle model Virago
14.3%
Skin condition also known as ringwormSerpigo
14.3%
Japan's prefecture with Kobe for capital cityHyogo
14.3%
Language, people, and former kingdom in AfricaKongo
14.3%
City in Connacht, IrelandSligo
14.3%
City in Veneto, ItalyRovigo
14.3%
Italian model car manufacturerBburago
14.3%
Fish also known as the Red Snapper and USS submarinePargo
12.1%
Brazilian City named after a Swiss cityNova Friburgo
12.1%
Small nocturnal primates also known as buhsbabies or nagapiesGalago
7.1%
Gliding mammal found in Southeast AsiaColugo
7.1%
Native Chinese medicinal tree with no relatives surviving itGinkgo
7.1%
City in Guerrero, MexicoChilpancingo
7.1%

You're not logged in!

Compare scores with friends on all Sporcle quizzes.
Join for Free
OR
Log In

You Might Also Like...

Show Comments

Extras

Created May 1, 2014ReportNominate
Tags:end, ending

Top Quizzes Today


Score Distribution

Your Account Isn't Verified!

In order to create a playlist on Sporcle, you need to verify the email address you used during registration. Go to your Sporcle Settings to finish the process.

Report this User

Report this user for behavior that violates our Community Guidelines.

Details: